Welcome to the Holygrace Academy Library

Please use search bar below to get started

THE MIDNIGHT LIBRARY (Record no. 8817)

MARC details
000 -LEADER
fixed length control field 00354nam a22001457a 4500
020 ## - INTERNATIONAL STANDARD BOOK NUMBER
ISBN 978-1-78689-272-0
082 ## - DEWEY DECIMAL CLASSIFICATION NUMBER
Classification number 823
Item number HAI/M
100 ## - MAIN ENTRY--AUTHOR NAME
Personal name HAIG, MATT
245 ## - TITLE STATEMENT
Title THE MIDNIGHT LIBRARY
246 ## - VARYING FORM OF TITLE
Title proper/short title THE MIDNIGHT LIBRARY
Remainder of title THE MIDNIGHT LIBRARY
260 ## - PUBLICATION, DISTRIBUTION, ETC. (IMPRINT)
Place of publication U K
Name of publisher CANONGATE
Year of publication 2020
300 ## - PHYSICAL DESCRIPTION
Number of Pages 288
650 ## - SUBJECT ADDED ENTRY--TOPICAL TERM
Topical Term ENGLISH FANTASY NOVEL
942 ## - ADDED ENTRY ELEMENTS (KOHA)
Koha item type Books
Holdings
Withdrawn status Lost status Collection code Home library Current library Shelving location Date acquired Source of acquisition Cost, normal purchase price Full call number Accession Number Koha item type
    Fiction Main Library Main Library NEW SHELF WITH NEW ENTRY 07/03/2024 PURCHASED 599.00 823 HAI/M 13553 Books